| 000 | 01856cam a22004814i 4500 | ||
|---|---|---|---|
| 003 | PE-LiUPU | ||
| 005 | 20250731173335.0 | ||
| 008 | 150706s r 000 0 d | ||
| 020 | _a1597520403 | ||
| 035 | _a(Sirsi) i9781597520409 | ||
| 040 |
_aPE-LiUPU _bspa _cPE-LiUPU _erda |
||
| 049 | _aPRUA | ||
| 082 | 0 | 4 |
_a225.52046 _bA67 _221 |
| 100 | 1 |
_aArcher, Gleason L., _eautor. |
|
| 245 | 1 | 0 |
_aOld Testament quotations in the New Testament / _cGleason L. Archer y Gregory Chirichigno. |
| 264 | 1 |
_aEugene, Oregon : _bWipf & Stock, _c1983. |
|
| 300 |
_a167 páginas ; _c27 centímetros |
||
| 336 |
_atext _2rdacontent |
||
| 337 |
_aunmediated _2rdamedia |
||
| 338 |
_avolume _2rdacarrier |
||
| 505 | 0 | _aIntroduction -- Introduction to the commentary -- Commentary numerical parsing system -- Comentary bibliography -- Quotation tool contents -- Old testament order -- Quotation tool -- New testament order -- How to use this tool . | |
| 526 | _aSEG42 | ||
| 526 | _aSEG41 | ||
| 526 | _aSEG40 | ||
| 526 | _aSEG39 | ||
| 526 | _aP94 | ||
| 526 | _aP87 | ||
| 526 | _aP86 | ||
| 526 | _aP85 | ||
| 526 | _aP77 | ||
| 526 | _aP76 | ||
| 526 | _aP35 | ||
| 541 | _g1057695742-4939426; | ||
| 630 |
_aBiblia. _pA.T. _xCitas en el Nuevo Testamento. |
||
| 630 |
_aBiblia. _pN.T. _xRelación con el Antiguo Testamento. |
||
| 700 | 1 |
_aChirichigno, Gregory, _eautor. |
|
| 910 | _a | ||
| 942 |
_2ddc _cBOOK |
||
| 949 |
_a225.52046 A67 _wDEWEY _c1 _i59381 _lCCODEBUL1 _mBUL _p24.00 _r0 _sY _tBOOK _u2015-7-6 _xTEOLOGIA _zUNKNOWN _0COMPRA _o.STAFF. Colección General |
||
| 994 |
_aC0 _bPEPRU |
||
| 596 | _a1 | ||
| 999 |
_a225.52046 A67 _wDEWEY _c48973 _i59381 _f2021-11-9 _g6 _lCCODEBUL1 _mBUL _p24.00 _r0 _sY _tBOOK _u2015-7-6 _xTEOLOGIA _zUNKNOWN _0COMPRA _o.STAFF. Colección General _d48973 |
||
| 980 |
_81 _gALBERTO SANCHEZ Responsable de Automatización |
||